Представление документа в формате RUSMARC

ПолеНазваниеЗначение
  Тип записи a
  Библиографический уровень a
001 Контрольный номер RU/CBS_UL/BASE/b51440de9b6140a291dd97893c52c460
005 Дата корректировки 20231101090740.6
100 Данные общей обработки __
a Данные общей обработки 20230124 ||| 0rusy0189 ca
101 Язык документа 0_
a Язык текста rus
102 Страна публикации __
a Страна публикации RU
200 Заглавие и сведения об ответственности 1_
a Заглавие Односторонний трамвай / сказка ; худож. И. Коржнева
f Первые сведения об ответственности К. Кохась
300 Общие примечания __
a Общие примечания 6+
461 Уровень набора _0
1 2000
a Квантик
463 Уровень физической единицы _0
1 2000
a 12
v С. 10-13
1 2101
d 2022
1 001RU/CBS_UL/BASE/e349e30c8767477fa9d3567b49714e76
606 Тематические рубрики 0_
a Основная рубрика Математические игры и развлечения
610 Ключевые слова 0_
a Ключевые слова детская литература
610 Ключевые слова 0_
a Ключевые слова математические сказки
610 Ключевые слова 0_
a Ключевые слова сказки
686 Индексы других классификаций __
a Классификационный индекс 22.1
700 Автор _1
a Фамилия Кохась
b Имя (инициалы) К.
801 Источник записи _0
a Страна RU
b Организация МБУК ЦБС г. Ульяновска
c Дата составления 20230124
g Правила каталогизации RCR
801 Источник записи _1
a Страна RU
b Организация МБУК ЦБС г. Ульяновска
c Дата составления 20230124
g Правила каталогизации RCR
901 Тип документа __
t Тип документа b
w Контрольный № источника RU/CBS_UL/BASE/e349e30c8767477fa9d3567b49714e76